<?xml version="1.0" encoding="UTF-8"?>
<record
    xmlns:xsi="http://www.w3.org/2001/XMLSchema-instance"
    xsi:schemaLocation="http://www.loc.gov/MARC21/slim http://www.loc.gov/standards/marcxml/schema/MARC21slim.xsd"
    xmlns="http://www.loc.gov/MARC21/slim">

  <leader>01454cam a2200349 i 4500</leader>
  <datafield tag="999" ind1=" " ind2=" ">
    <subfield code="c">22555</subfield>
    <subfield code="d">22527</subfield>
  </datafield>
  <controlfield tag="001">ssj0001401436</controlfield>
  <controlfield tag="003">EG-ScBUE</controlfield>
  <controlfield tag="005">20201203141431.0</controlfield>
  <controlfield tag="008">141007s2015    iaua   frb    001 0 eng d</controlfield>
  <datafield tag="010" ind1=" " ind2=" ">
    <subfield code="a">  2014040039</subfield>
  </datafield>
  <datafield tag="020" ind1=" " ind2=" ">
    <subfield code="a">9781118442340</subfield>
  </datafield>
  <datafield tag="020" ind1=" " ind2=" ">
    <subfield code="a">1118442342</subfield>
  </datafield>
  <datafield tag="040" ind1=" " ind2=" ">
    <subfield code="a">DNLM/DLC</subfield>
    <subfield code="b">eng</subfield>
    <subfield code="c">DLC</subfield>
    <subfield code="d">DLC</subfield>
    <subfield code="d">WaSeSS</subfield>
    <subfield code="d">EG-ScBUE</subfield>
  </datafield>
  <datafield tag="082" ind1="0" ind2="4">
    <subfield code="a">617.605</subfield>
    <subfield code="b">ATL</subfield>
    <subfield code="2">22</subfield>
  </datafield>
  <datafield tag="245" ind1="0" ind2="0">
    <subfield code="a">Atlas of operative oral and maxillofacial surgery /</subfield>
    <subfield code="c">edited by Christopher J. Haggerty, Robert M. Laughlin.</subfield>
  </datafield>
  <datafield tag="260" ind1=" " ind2=" ">
    <subfield code="a">Ames :</subfield>
    <subfield code="b">Wiley Blackwell,</subfield>
    <subfield code="c">2015.</subfield>
  </datafield>
  <datafield tag="300" ind1=" " ind2=" ">
    <subfield code="a">xviii, 550 p. :</subfield>
    <subfield code="b">ill. (chiefly color) ;</subfield>
    <subfield code="c">29 cm.</subfield>
  </datafield>
  <datafield tag="504" ind1=" " ind2=" ">
    <subfield code="a">Includes bibliographical references and index.</subfield>
  </datafield>
  <datafield tag="650" ind1=" " ind2="0">
    <subfield code="a">Oral Surgical Procedures</subfield>
    <subfield code="x">methods</subfield>
    <subfield code="v">Atlases.</subfield>
    <subfield code="2">BUEsh</subfield>
  </datafield>
  <datafield tag="650" ind1=" " ind2="0">
    <subfield code="a">Face</subfield>
    <subfield code="x">surgery</subfield>
    <subfield code="v">Atlases.</subfield>
    <subfield code="2">BUEsh</subfield>
  </datafield>
  <datafield tag="650" ind1=" " ind2="0">
    <subfield code="a">Head</subfield>
    <subfield code="x">surgery</subfield>
    <subfield code="v">Atlases.</subfield>
    <subfield code="2">BUEsh</subfield>
  </datafield>
  <datafield tag="650" ind1=" " ind2="0">
    <subfield code="a">Maxillofacial Injuries</subfield>
    <subfield code="x">surgery</subfield>
    <subfield code="v">Atlases.</subfield>
    <subfield code="2">BUEsh</subfield>
    <subfield code="9">35804</subfield>
  </datafield>
  <datafield tag="650" ind1=" " ind2="0">
    <subfield code="a">Neck</subfield>
    <subfield code="x">surgery</subfield>
    <subfield code="v">Atlases.</subfield>
    <subfield code="2">BUEsh</subfield>
  </datafield>
  <datafield tag="650" ind1=" " ind2="0">
    <subfield code="a">Reconstructive Surgical Procedures</subfield>
    <subfield code="x">methods</subfield>
    <subfield code="v">Atlases.</subfield>
    <subfield code="2">BUEsh</subfield>
  </datafield>
  <datafield tag="650" ind1=" " ind2="0">
    <subfield code="a">Stomatognathic Diseases</subfield>
    <subfield code="x">surgery</subfield>
    <subfield code="v">Atlases.</subfield>
    <subfield code="2">BUEsh</subfield>
    <subfield code="9">42035</subfield>
  </datafield>
  <datafield tag="651" ind1=" " ind2=" ">
    <subfield code="2">BUEsh</subfield>
  </datafield>
  <datafield tag="653" ind1=" " ind2=" ">
    <subfield code="c">October2016</subfield>
  </datafield>
  <datafield tag="700" ind1="1" ind2=" ">
    <subfield code="a">Haggerty, Christopher J.,</subfield>
    <subfield code="e">editor.</subfield>
    <subfield code="9">41533</subfield>
  </datafield>
  <datafield tag="700" ind1="1" ind2=" ">
    <subfield code="a">Laughlin, Robert M.</subfield>
    <subfield code="q">(Robert Minard),</subfield>
    <subfield code="d">1969-</subfield>
    <subfield code="e">editor.</subfield>
    <subfield code="9">41534</subfield>
  </datafield>
  <datafield tag="776" ind1="0" ind2="8">
    <subfield code="i">Online version:</subfield>
    <subfield code="t">Atlas of operative oral and maxillofacial surgery</subfield>
    <subfield code="d">Ames, Iowa : John Wiley &amp; Sons Inc., 2015</subfield>
    <subfield code="z">9781118938393</subfield>
    <subfield code="w">(DLC) 2014042432</subfield>
  </datafield>
  <datafield tag="942" ind1=" " ind2=" ">
    <subfield code="2">ddc</subfield>
  </datafield>
  <datafield tag="952" ind1=" " ind2=" ">
    <subfield code="0">0</subfield>
    <subfield code="1">0</subfield>
    <subfield code="2">ddc</subfield>
    <subfield code="4">0</subfield>
    <subfield code="7">0</subfield>
    <subfield code="8">Academic</subfield>
    <subfield code="a">MAIN</subfield>
    <subfield code="b">MAIN</subfield>
    <subfield code="c">1ST</subfield>
    <subfield code="d">2016-10-13</subfield>
    <subfield code="e">Purchase</subfield>
    <subfield code="g">1250.00</subfield>
    <subfield code="h">9126</subfield>
    <subfield code="l">3</subfield>
    <subfield code="m">51</subfield>
    <subfield code="o">617.605 ATL</subfield>
    <subfield code="p">000034034</subfield>
    <subfield code="r">2025-07-15 00:00:00</subfield>
    <subfield code="s">2018-11-04</subfield>
    <subfield code="v">1562.50</subfield>
    <subfield code="y">BB</subfield>
  </datafield>
</record>
